000
00289nam a22001217a 4500
008
180605b xxu||||| |||| 00| 0 eng d
041
_a
eng
080
_a
043.3
100
_a
0
101
_a
SHKI-BA
245
_a
Responsive Web Designs Mobile Webs Mobile App
_c
Idrizi, N
942
_2
udc
_c
BK
999
_c
46360
_d
46360